| 000 | 00458nam a2200169 i 4500 | ||
|---|---|---|---|
| 001 | 116510 | ||
| 003 | ES-MaACL | ||
| 005 | 20230906190723.0 | ||
| 007 | t| | ||
| 008 | 061121s1909 fr r ||||1| fre d | ||
| 100 | 1 |
_aPaulhan, Frédéric ( _d1856-1931) _989647 |
|
| 245 | 1 | 3 |
_aLa morale de l'ironie / _cpar Fr. Paulhan. |
| 260 |
_aParis : _bFélix Alcan, _c1909. |
||
| 300 |
_a172 p. ; _c18 cm. |
||
| 650 | 4 |
_aIronía. _913901 |
|
| 852 |
_aES-MaACL _jF-11600 |
||
| 999 |
_c116510 _d116510 |
||